[Event "Klatovy op-A"]
[Site "Klatovy"]
[Date "2000.??.??"]
[Round "?"]
[White "Cakl, Zdenek"]
[Black "Hejlik, R."]
[Result "1/2-1/2"]
[WhiteElo "1955"]
[BlackElo "1860"]
[PlyCount "62"]
[EventDate "2000.??.??"]
[EventType "swiss"]
[EventRounds "9"]
[EventCountry "CZE"]
[SourceTitle "EXT 2003"]
[Source "ChessBase"]
[SourceDate "2002.11.25"]
[SourceVersion "1"]
[SourceVersionDate "2002.11.25"]
[SourceQuality "1"]

1. Nf3 Nf6 2. b3 g6 3. Bb2 Bg7 4. e3 d6 5. d4 0-0 6. Be2 c6 7. 0-0 Nbd7 8. c4 Qc7 9. Nc3 a6 10. Rc1 e5 11. b4 exd4 12. exd4 Re8 13. b5 axb5 14. cxb5 Qb6 15. a4 Nf8 16. Re1 Ne4 17. Nxe4 Rxe4 18. Nd2 Re8 19. Nc4 Qd8 20. Ba3 d5 21. Nd6 Re6 22. Nxc8 Rxc8 23. bxc6 bxc6 24. Ba6 Rxe1+ 25. Qxe1 Ra8 26. Rxc6 Bxd4 27. Be7 Qd7 28. Bb5 Qf5 29. Rd6 Ne6 30. Bc6 Rb8 31. Bb5 Nc7 1/2-1/2

[Event "Klatovy op-A"]
[Site "Klatovy"]
[Date "2000.??.??"]
[Round "?"]
[White "Hejlik, R."]
[Black "Balin, Jan"]
[Result "0-1"]
[WhiteElo "1860"]
[BlackElo "2070"]
[PlyCount "122"]
[EventDate "2000.??.??"]
[EventType "swiss"]
[EventRounds "9"]
[EventCountry "CZE"]
[SourceTitle "EXT 2003"]
[Source "ChessBase"]
[SourceDate "2002.11.25"]
[SourceVersion "1"]
[SourceVersionDate "2002.11.25"]
[SourceQuality "1"]

1. e4 e6 2. d4 d5 3. Nd2 Nc6 4. c3 e5 5. exd5 Qxd5 6. dxe5 Nxe5 7. Ngf3 Bd6 8. Nxe5 Bxe5 9. Qf3 Be6 10. Qxd5 Bxd5 11. Nf3 Bxf3 12. gxf3 Ne7 13. Be3 Rd8 14. Bc4 0-0 15. Rd1 Ng6 16. 0-0 a6 17. Bg5 Rd6 18. Rxd6 Bxd6 19. Re1 h6 20. Be3 Rd8 21. h3 Kf8 22. a4 Nh4 23. Be2 Nf5 24. Bc4 Be7 25. Bf4 Rd7 26. Bb3 g5 27. Bc1 Nh4 28. Bd1 Ng6 29. Bb3 Bc5 30. Kf1 Rd6 31. Re4 Kg7 32. Bc2 Bb6 33. b4 a5 34. f4 f5 35. Re1 Kf6 36. fxg5+ hxg5 37. b5 Bc5 38. Rd1 Rxd1+ 39. Bxd1 f4 40. f3 Ke5 41. Ke2 Ne7 42. Bc2 Nd5 43. Bb2 Ne3 44. Bb3 Nf5 45. Bc2 Nd6 46. Kd3 b6 47. c4+ Ke6 48. Kc3 Be3 49. Bg6 Kf6 50. Bh7 Kg7 51. Bd3 Kh6 52. Kc2 Kh5 53. Bf6 Kh4 54. Be7 Nf7 55. Bf5 Ne5 56. Be4 Kxh3 57. Bf6 Nxc4 58. Bxg5 Kg3 59. Kd3 Nb2+ 60. Ke2 Nxa4 61. Bd8 Nc3+ 0-1

[Event "Klatovy op-A"]
[Site "Klatovy"]
[Date "2000.??.??"]
[Round "?"]
[White "Hejlik, R."]
[Black "Hafner, Katrin"]
[Result "0-1"]
[WhiteElo "1860"]
[BlackElo "2005"]
[PlyCount "64"]
[EventDate "2000.??.??"]
[EventType "swiss"]
[EventRounds "9"]
[EventCountry "CZE"]
[SourceTitle "EXT 2003"]
[Source "ChessBase"]
[SourceDate "2002.11.25"]
[SourceVersion "1"]
[SourceVersionDate "2002.11.25"]
[SourceQuality "1"]

1. Nf3 Nf6 2. d4 g6 3. Bg5 Bg7 4. e3 d6 5. Bd3 0-0 6. Nbd2 c5 7. c3 b6 8. 0-0 Ba6 9. c4 Nbd7 10. Rb1 d5 11. b3 Re8 12. Re1 Bb7 13. h3 Ne4 14. Nf1 Nc3 15. Qc2 Nxb1 16. Qxb1 dxc4 17. Bxc4 Nf6 18. N1d2 Qc8 19. dxc5 Qxc5 20. b4 Qd6 21. e4 Nd7 22. Rd1 Ne5 23. Bb3 Rad8 24. Bh4 Qd3 25. Qc1 Rc8 26. Qa3 Qa6 27. Qxa6 Bxa6 28. Nxe5 Bxe5 29. Nf3 Bd6 30. Ng5 Bc4 31. Bxc4 Rxc4 32. a3 h6 0-1

[Event "Klatovy op-A"]
[Site "Klatovy"]
[Date "2000.??.??"]
[Round "?"]
[White "Janda, Jiri"]
[Black "Hejlik, R."]
[Result "1-0"]
[WhiteElo "2070"]
[BlackElo "1860"]
[PlyCount "63"]
[EventDate "2000.??.??"]
[EventType "swiss"]
[EventRounds "9"]
[EventCountry "CZE"]
[SourceTitle "EXT 2003"]
[Source "ChessBase"]
[SourceDate "2002.11.25"]
[SourceVersion "1"]
[SourceVersionDate "2002.11.25"]
[SourceQuality "1"]

1. e4 d6 2. d4 Nf6 3. Nc3 g6 4. f4 Bg7 5. Nf3 0-0 6. Bd3 c6 7. 0-0 b5 8. Qe1 Qc7 9. e5 dxe5 10. fxe5 Nd5 11. Bxb5 Nb4 12. Ba4 Bf5 13. Ne4 Nd5 14. c4 Nb6 15. Bb3 a5 16. a4 Na6 17. Bf4 Qb7 18. Qe3 Rad8 19. Nh4 Bxe4 20. Qxe4 Nc8 21. Qe3 e6 22. Bg5 Rd7 23. Rf3 Qb6 24. Rd1 Nb4 25. Bf6 Ne7 26. Qf4 Qa7 27. Kh1 c5 28. d5 exd5 29. Bxg7 Kxg7 30. Qf6+ Kg8 31. e6 Nc8 32. Nf5 1-0

[Event "Klatovy op-B"]
[Site "Klatovy"]
[Date "1998.??.??"]
[Round "?"]
[White "Blazek, Ladislav"]
[Black "Hejlik, R."]
[Result "1/2-1/2"]
[WhiteElo "1835"]
[BlackElo "1750"]
[PlyCount "44"]
[EventDate "1998.??.??"]
[EventType "swiss"]
[EventRounds "9"]
[EventCountry "CZE"]
[SourceTitle "EXT 2000"]
[Source "ChessBase"]
[SourceDate "1999.11.16"]
[SourceVersion "1"]
[SourceVersionDate "1999.11.16"]
[SourceQuality "1"]

1. e4 c5 2. c3 d5 3. e5 Nc6 4. d4 e6 5. f4 cxd4 6. cxd4 Qb6 7. Nf3 Nge7 8. Nc3 Nf5 9. Bb5 Bd7 10. Bxc6 Bxc6 11. a3 Be7 12. 0-0 Kd7 13. Rf2 Raf8 14. b4 a6 15. Bb2 Rc8 16. Rc1 Bb5 17. Na4 Qd8 18. Rxc8 Kxc8 19. Nc5 Bxc5 20. bxc5 Ne3 21. Qb3 Nc4 22. a4 Bc6 1/2-1/2

[Event "Klatovy op-B"]
[Site "Klatovy"]
[Date "1998.??.??"]
[Round "?"]
[White "Feierfeil, Jiri"]
[Black "Hejlik, R."]
[Result "0-1"]
[WhiteElo "1945"]
[BlackElo "1750"]
[PlyCount "110"]
[EventDate "1998.??.??"]
[EventType "swiss"]
[EventRounds "9"]
[EventCountry "CZE"]
[SourceTitle "EXT 2000"]
[Source "ChessBase"]
[SourceDate "1999.11.16"]
[SourceVersion "1"]
[SourceVersionDate "1999.11.16"]
[SourceQuality "1"]

1. d4 Nf6 2. c4 e6 3. Nc3 b6 4. e4 d6 5. Bd3 Nbd7 6. Nge2 c5 7. d5 Ne5 8. 0-0 Nxd3 9. Qxd3 e5 10. h3 Be7 11. f4 Nd7 12. f5 f6 13. Bd2 Nf8 14. a4 a5 15. Qf3 g6 16. fxg6 hxg6 17. Ng3 Qd7 18. Kf2 Kd8 19. Ke2 Kc7 20. Kd3 Kb7 21. Nge2 f5 22. exf5 gxf5 23. Kc2 Ng6 24. Ng3 f4 25. Nge4 Nh4 26. Qe2 Nf5 27. Nb5 Qxb5 28. axb5 Nd4+ 29. Kd3 Nxe2 30. Kxe2 Bf5 31. Kf3 Kc7 32. Rh1 Kd7 33. b3 Bh4 34. Bc3 Rhg8 35. Rhg1 Ke7 36. Bd2 Bg6 37. g4 fxg3 38. Be1 Raf8+ 39. Ke3 Bh5 40. Nd2 Bg5+ 41. Kd3 Bxd2 42. Bxd2 Rf3+ 43. Be3 g2 44. h4 Rh3 45. Ra2 Rgg3 46. Raxg2 Rxe3+ 47. Kc2 Rc3+ 48. Kb2 Rxb3+ 49. Ka2 Rbf3 50. Rg7+ Bf7 51. Rh7 Rh2+ 52. Ka1 Rf4 53. Rh8 Rxc4 54. Rb8 Bxd5 55. Rxb6 Ra4+ 0-1